000 00425nam a22001577a 4500
999 _c3356
_d3356
008 200609b ||||| |||| 00| 0 eng d
020 _a8121926165
082 0 0 _a620.1
_bK459
100 _915
_aKhurmi, R. S.
245 1 0 _aEngineering mechanics /
_cby R.S. Khurmi .
250 _a20th ed., rev.
260 _aNew Delhi :
_bS. Chand Pvt. Ltd.
_c2008.
300 _axii, 765 p.
650 0 _aMechanical Engineering
942 _cBK